Statistics for Imagine Dragons Songs

Click here to take the quiz!

General Stats

  • This quiz has been taken 22 times
  • The average score is 22 of 40

Answer Stats

LyricsSong Name% Correct
I'm waking up -- to ash and dust -- I wipe my brow and I sweat my rustRadioactive
95%
Whip, whip -- Run me like a racehorse -- Pull me like a ripcordWhatever it Takes
95%
No matter what we breed -- We still are made of greed -- This is my kingdom comeDemons
89%
I was broken from a young age -- Taking my sulking to the massesBeliever
84%
Kids were laughing in my classes -- While I was scheming for the massesThunder
84%
So look me in the eyes, tell me what you see -- Perfect paradise, tearin' at the seamsBad Liar
74%
I've had the highest mountains -- I've had the deepest rivers -- You can have it all but not til you move itOn Top of the World
74%
So this is where you fell -- And I am left to sell -- The path to heaven runs through miles of clouded hell -- right to the topIt's Time
74%
A beating heart of stone -- You gotta be so cold -- To make it in this worldNatural
68%
Seasons, they will change -- Life will make you grow -- Dreams will make you cry, cry, cryBirds
63%
So you gotta fire up, -- you gotta let go -- You'll never be loved till you've made your ownI'm So Sorry
63%
I've been around the world and never in my wildest dreams -- Would I come running home to youI Bet My Life
63%
Let me show you what it's like to always feel, feel -- Like I’m empty and there's nothing really real, real -- I'm looking for a way outZero
63%
The more I stray the less I fear -- And the more I reach the more I fade awayRise Up
58%
I'm sorry, brother -- I'm sorry, I bring you down -- Well, these days you're fine -- No these days you tend to lieAmsterdam
58%
Only at first did it have its appeal -- But now you can't tell the false from the realGold
58%
Am I out of luck? -- Am I waiting to break? Shots
58%
All my life I've been living in the fast lane -- Can't slow down I'm a rollin' freight trainPolaroid
53%
There's nights we had that just walk away -- And there's tears we'll cry, but those tears will fadeWalking The Wire
53%
I never did you right, -- I know that -- Too many sleepless nights, -- I own thatStart Over
47%
From your slanted view -- see the morning dew -- Sink into the soil, -- watch the water boilTipToe
47%
All these years I've been searching -- Of who I'm supposed to be -- All that time I've been wastingYesterday
47%
It's been a long time coming, coming -- Seeming like we all been running, running -- Feeling like the wild west, gunning, gunningLove
47%
In the eyes of a teenage crystallized -- Oh, the prettiest of lights that hang the hallways of the homeDream
47%
I ain't no superman, -- I ain't no holy ghost -- I'm just the one that keeps you up and that you love the mostWest Coast
47%
Prays on her knees as the towers fold -- To a God she does not know -- She's begging him to stop the messReal Life
42%
When the day has come -- But I've lost my way around -- And the seasons stop -- and hide beneath the groundBleeding Out
42%
Early evening, -- settling down -- Father father father, -- who am I to play? -- Oh oh oh ohUnderdog
42%
Your love is always dangerous -- And now I'm lost in us -- We're livin' in a lying trustI Don't Know Why
42%
All that I've known, buildings of stone -- Fall to the ground without a soundSmoke and Mirrors
42%
Tell me the things that you want -- I give you all that I've got -- Open your eyes, then you will seeOnly
42%
I'm high, then I'm low, low -- Stop, then I go, go -- Bipolar, oh, ohBullet in a Gun
37%
Happiness is beautiful to see -- Won't you box it up for me? -- For meBurn Out
37%
So pray for me brother -- I need redemption -- I'm just a man -- A man on a missionTrouble
37%
When you made it -- Won’t ya tell me what to do -- 'Cause I’m playin' it all wrongFriction
37%
Don't throw my name 'round here like that -- You could get us in some troubleDancing In the Dark
37%
You kiss and you kiss -- And you love and you love -- You've got a history list -- and the rest is aboveHear Me
37%
Oh I'm alkaline -- I'm always keeping the basics -- I'm overboard I'm self-destructive and self-importantMouth Of the River
32%
It's not a picture perfect life -- Not what I had in mind -- Let me write my own lineHopeless Opus
26%
I'm the colorless sunrise -- That's never good enough -- I'm the wind that's in your head -- It ruffles you upEvery Night
21%

Score Distribution

Percentile by Number Answered

Percent of People with Each Score

Your Score History

You have not taken this quiz